[Event "Zelenograd-ch"]
[Site "Zelenograd"]
[Date "2016.09.20"]
[Round "2"]
[White "Bekirov, Dljaver"]
[Black "Ionov, Yuri"]
[Result "0-1"]
[WhiteElo "1693"]
[BlackElo "1962"]
[PlyCount "102"]
[EventDate "2016.09.19"]
[EventType "swiss"]
[EventRounds "11"]
[EventCountry "RUS"]
[SourceTitle "EXT 2017"]
[Source "ChessBase"]
[SourceDate "2016.10.25"]
[SourceVersion "1"]
[SourceVersionDate "2016.10.25"]
[SourceQuality "1"]

1. e4 c5 2. Nf3 d6 3. d4 cxd4 4. Nxd4 a6 5. Be3 Bd7 6. Nc3 Nc6 7. Nb3 b5 8. Qd2 g6 9. Be2 Bg7 10. 0-0-0 Nf6 11. f3 Be6 12. Nd5 Bxd5 13. exd5 Ne5 14. f4 Ned7 15. Bd4 0-0 16. Bxf6 Bxf6 17. g4 Qb6 18. g5 Bg7 19. h4 a5 20. h5 a4 21. Nd4 Bxd4 22. Qxd4 Qxd4 23. Rxd4 Rfb8 24. Rb4 Nc5 25. Rxb5 Rxb5 26. Bxb5 Rb8 27. Bc6 Rb4 28. hxg6 hxg6 29. Rf1 Kg7 30. a3 Re4 31. Kd2 f6 32. gxf6+ exf6 33. Rf3 g5 34. fxg5 fxg5 35. Re3 Rf4 36. Ke2 Kf6 37. Rf3 Ke5 38. c3 Rh4 39. Ke3 Rh2 40. Rf2 Rxf2 41. Kxf2 Kf4 42. Bb5 g4 43. Bc4 g3+ 44. Kg2 Kg4 45. Kg1 Kf3 46. Bf1 Ke3 47. Kg2 Kd2 48. Kxg3 Kc2 49. Kf3 Kxb2 50. c4 Kxa3 51. Be2 Kb2 0-1